TV Families - Statistics

General Stats
  • This quiz has been taken 71 times
  • The average score is 10 of 20
Answer Stats
Picture Answer % Correct
The Simpson Family
100%
The Addams Family
81%
The Griffin Family
77%
The Soprano Family
70%
The Jetson Family
68%
The Brady Family
66%
The White Family
66%
The Costanza Family
53%
The Walton Family
49%
The Dunphy Family
47%
The Bundy Family
45%
The Conner Family
43%
The Goldberg Family
36%
The Barone Family
34%
The Bluth Family
32%
Malcolm in the Middle
28%
The Robinson Family
23%
The Evans Family
17%
The Trotter Family
15%
The Gallagher Family
11%
No matching quizzes found
Score Distribution
Percent of People with Each Score
Percentile by Number Answered
Your Score History
You have not taken this quiz